| 000 | 00000nam 2200000zi 4500 |
| 001 | 9.939864 |
| 003 | CaOODSP |
| 005 | 20240702072751 |
| 006 | m o d f |
| 007 | cr bn||||||||| |
| 008 | 240626s1979 oncab ob f000 0 eng d |
| 020 | |a0662104161 |q(print) |
| 040 | |aCaOODSP|beng|erda|cCaOODSP |
| 041 | 0 |aeng|beng|bfre |
| 043 | |ar------ |
| 086 | 1 |aEn42-1/04-79-1E-PDF |
| 086 | 1 |aEn46-4/79-1 |
| 100 | 1 |aDay, Tom, |eauthor. |
| 245 | 10|aCharacteristics of atmospheric emissions from an in-situ crude oil fire / |cby Tom Day, Donald Mackay, Stuart Nadeau, Robert Thurier. |
| 264 | 1|aOttawa, Ontario, Canada : |bEnvironment Canada, Environmental Protection Service = Environnement Canada, Service de la protection de l'environnement, |c1979. |
| 300 | |a1 online resource (x, 79 pages) : |billustrations, maps. |
| 336 | |atext|btxt|2rdacontent |
| 337 | |acomputer|bc|2rdamedia |
| 338 | |aonline resource|bcr|2rdacarrier |
| 490 | 1 |aEnvironmental Protection Service report series |
| 500 | |aIssued also in French under title: Caractéristiques des émissions atmosphériques provenant de la combustion sur place de pétrole brut. |
| 500 | |a"Department of Chemical Engineering and Applied Chemistry, University of Toronto, ...." |
| 500 | |a"For the Research and Development Division, Environmental Emergency Branch, Environmental Impact Control Directorate, Environmental Protection Service, Department of the Environment, …" |
| 500 | |a"EPS 4-EC-79-1, October 1979." |
| 500 | |a"Technology development, report EPS-4-EC-79-1"--Cover. |
| 500 | |a"Environmental Impact Control Directorate, ..."--Cover. |
| 500 | |aDigitized edition from print [produced by Environment and Climate Change Canada]. |
| 504 | |aIncludes bibliographical references (pages 61-62). |
| 546 | |aIncludes abstracts in English and French. |
| 650 | 0|aPetroleum|xCombustion|xEnvironmental aspects|zBeaufort Sea. |
| 650 | 0|aAir|xPollution|zBeaufort Sea. |
| 650 | 0|aOil spills|xEnvironmental aspects|zBeaufort Sea. |
| 710 | 1 |aCanada. |bEnvironmental Protection Service, |eissuing body. |
| 710 | 1 |aCanada. |bEnvironmental Impact Control Directorate, |eissuing body. |
| 775 | 08|tCaractéristiques des émissions atmosphériques provenant de la combustion sur place de pétrole brut / |w(CaOODSP)9.939868 |
| 830 | #0|aEnvironmental Protection Service report series.|w(CaOODSP)9.866031 |
| 856 | 40|qPDF|s5.02 MB|uhttps://publications.gc.ca/collections/collection_2024/eccc/en42/En42-1-04-79-1-eng.pdf |